đź“–đź’¬ "Les Deux Taureaux et une Grenouille" Jean de la Fontaine - Statistiques

Statistiques générales
  • Ce quiz a Ă©tĂ© pris 70 fois
  • Le rĂ©sultat moyen est 77 sur 145
Statistiques - réponses
Mots % Correct
"- Eh !
100%
l'
100%
L'
100%
Ă 
91%
a
91%
de
91%
Deux
91%
elle,
91%
Et
91%
et
91%
Grenouille
91%
Il
91%
il
91%
la
91%
le
91%
Le
91%
les
91%
Les
91%
S'
91%
Taureaux
91%
un
91%
un ;
91%
Une
91%
une,
91%
au
82%
des
82%
lui
82%
par
82%
"Qu'
82%
qu'
82%
qui
82%
vous ?"
82%
vous
82%
aux
73%
avec
73%
en
73%
on
73%
Que
73%
que
73%
se
73%
autre,
64%
avez-
64%
dans
64%
du
64%
Du
64%
leur
64%
tout
64%
dit-
55%
grands.
55%
nous
55%
ont
55%
dire
45%
ne
45%
nos
45%
petits
45%
plus
45%
cette
36%
Cette
36%
pas,
36%
sur
36%
bon
27%
eaux,
27%
était
27%
herbe
27%
mit
27%
Quelqu'
27%
temps
27%
voyez-
27%
combat
18%
combattaient
18%
fin
18%
Génisse
18%
Génisse."
18%
heure.
18%
pâti
18%
pieds
18%
Sera
18%
sottises
18%
vingt
18%
voit
18%
alla
9%
cacher
9%
campagnes
9%
causé
9%
chassant,
9%
crainte
9%
croassant.
9%
dépens :
9%
écrasait
9%
empire.
9%
exil
9%
faudra
9%
fera
9%
fleuries ?
9%
fond
9%
foulant
9%
Hélas !
9%
jusques
9%
Madame
9%
marais
9%
pâtisse
9%
peuple
9%
posséderait
9%
prairies,
9%
puis
9%
querelle
9%
régner
9%
régnera
9%
renoncer
9%
roseaux ;
9%
sens.
9%
soupirait.
9%
TantĂ´t
9%
demeure
0%
Viendra
0%
Aucun quiz correspondant
Distribution des résultats
% des personnes avec chaque résultat
Percentile par nombre de réponses
Votre historique - résultats
Vous n’avez pas pris ce quiz